Dictionary of Arabic topography and placenames (Record no. 566)

MARC details
000 -LEADER
fixed length control field 00560nam a2200169Ia 4500
020 ## - INTERNATIONAL STANDARD BOOK NUMBER
ISBN 0-582-78381-x
082 ## - DEWEY DECIMAL CLASSIFICATION NUMBER
Classification number RR 910.309174927 GRO
100 ## - MAIN ENTRY--AUTHOR NAME
Personal name Groom, Nigel
245 #0 - TITLE STATEMENT
Title Dictionary of Arabic topography and placenames
260 ## - PUBLICATION, DISTRIBUTION, ETC. (IMPRINT)
Place of publication Libraire du liban
Name of publisher Longman
Year of publication 1983
300 ## - PHYSICAL DESCRIPTION
Number of Pages 369p.
504 ## - BIBLIOGRAPHY, ETC. NOTE
Bibliography, etc A transliterated Arabic-English dictionary with an Arabic glossary of topographical words and placenames
650 ## - SUBJECT ADDED ENTRY--TOPICAL TERM
Topical Term Names, Geographical (Arabic)
650 ## - SUBJECT ADDED ENTRY--TOPICAL TERM
Topical Term Arabic language - Dictionaries
650 ## - SUBJECT ADDED ENTRY--TOPICAL TERM
Topical Term Geography, Arab - Dictionaries
942 ## - ADDED ENTRY ELEMENTS (KOHA)
Koha item type Books
Holdings
Withdrawn status Lost status Damaged status Not for loan Home library Current library Date acquired Bill Date Full call number Accession Number Price effective from Koha item type
        NASSDOC Library NASSDOC Library 08/06/2004 2004-10-22 RR 910.309174927 GRO 17938 18/04/2019 Books